000
00309nam a2200121 4500
008
240701b |||||||| |||| 00| 0 eng d
082
_a
305.42
_b
WOM
245
_a
Women's manifesto
260
_a
Colombo:
_b
[Women's political forum?],
_c
n.d.
300
_a
15 p.;25cm
650
_a
FEMINISM-Sri Lanka
942
_c
RP
999
_c
4949
_d
4949